01208nam a2200253Ia 4500003000900000008004100009020001800050040001600068080002000084111012900104245025700233260004800490300001700538490005000555650004100605650002800646650003000674700003400704700003600738700002800774942000700802999001700809952012800826IN-BaIIA211028s9999 xx 000 0 eng d a0-521-41984-0 cIIA Library a524.5(063)bEVO aInternational Conference on Evolution of Interstellar Matter and Dynamics of GalaxiescCzech Republicd1991 May 21-25918040 0aEvolution of interstellar matter and dynamics of galaxiesbproceedings of the International conference Prague, Czech Republic, 21-25 May 1991cedited by Jan Palous, W. Butler Burton and Per Olof Lindblad  aCambridgebCambridge University Pressc1992 axviii, 420p. aCenter for theoretical study, workshop; no. 1 aAstronomy and astrophysics thesaurus aGalactic dynamics91517 aInterstellar matter91189 aBurton, W. Butler, ed.918041 aLindblad, Per Olof., ed.918042 aPalous, Jan, ed.918043 cBK c10578d10578 00104070aBANbBANcGENd1993-02-02g2331.00l0o524.5(063)/ EVOp11489r2021-11-05v2331.00w1993-02-02yBKGRs. 2331.00